[Event "DEM U18 2013"]
[Site "Oberhof GER"]
[Date "2013.05.24"]
[Round "8"]
[White "Ispirjan, Mikael"]
[Black "Holle, Cedric"]
[Result "0-1"]
[Termination "normal"]
[Board "14"]
[WhiteElo "1942"]
[BlackElo "1890"]
[PlyCount "104"]
[WhiteFideId "1271217"]
[BlackFideId "24692158"]
[EventCountry "GER"]
[EventRounds "9"]
[EventType "swiss"]
[EventDate "2013.05.18"]

1. e4 e6 2. d4 d5 3. Nc3 Nf6 4. Bg5 Be7 5. e5 Nfd7 6. Bxe7 Qxe7 7. f4 a6 8. Nf3
c5 9. Qd2 Nc6 10. dxc5 Qxc5 11. Bd3 b5 12. O-O-O b4 13. Ne2 a5 14. Kb1 a4 15.
Rhf1 h6 16. Rde1 Qb6 17. f5 Ndxe5 18. Nxe5 Nxe5 19. fxe6 Bxe6 20. Nf4 Nxd3 21.
Qxd3 O-O 22. Nxd5 Bxd5 23. Qxd5 Rad8 24. Qf3 a3 25. Rd1 Qe6 26. Rxd8 Rxd8 27.
Qf4 Qd5 28. g3 Rd7 29. h4 Qb5 30. Re1 Rd8 31. Qe4 Qh5 32. Rc1 Qc5 33. Rf1 Qd6
34. Qf3 Qd4 35. c3 Qc4 36. b3 Qe6 37. Rd1 Qg6+ 38. Kc1 Rc8 39. Rd3 Qe6 40. Kd2
Qe5 41. Qe3 bxc3+ 42. Rxc3 Rd8+ 43. Kc1 Qd5 44. Qe1 Qd4 45. Kc2 Kh7 46. Kc1 f5
47. Kc2 Rd5 48. Qe2 Re5 49. Qf3 Rd5 50. Qe2 Rd6 51. Qe1 Rd7 52. Qc1 Qe4+ 0-1

[Event "DEM U18 2013"]
[Site "Oberhof GER"]
[Date "2013.05.25"]
[Round "9"]
[White "Powierski, Emil"]
[Black "Carow, Johannes"]
[Result "1/2-1/2"]
[Termination "normal"]
[Board "1"]
[WhiteElo "2178"]
[BlackElo "2352"]
[PlyCount "53"]
[WhiteFideId "4656199"]
[BlackFideId "24692050"]
[EventCountry "GER"]
[EventRounds "9"]
[EventType "swiss"]
[EventDate "2013.05.18"]

1. e4 c5 2. Nf3 e6 3. d4 cxd4 4. Nxd4 a6 5. Bd3 Nf6 6. O-O Qc7 7. Qe2 d6 8. c4
g6 9. Nc3 Bg7 10. Rd1 O-O 11. Nf3 Nc6 12. h3 Nd7 13. Be3 b6 14. Rac1 Nce5 15.
Nxe5 Nxe5 16. Bb1 Rd8 17. b3 Bb7 18. Bd4 Rab8 19. Qe3 Nd7 20. Bxg7 Kxg7 21.
Qd4+ Nf6 22. Rd2 Ba8 23. Rcd1 Rbc8 24. Na4 Rb8 25. Nc3 Rbc8 26. Na4 Rb8 27. Nc3
1/2-1/2

[Event "DEM U18 2013"]
[Site "Oberhof GER"]
[Date "2013.05.25"]
[Round "9"]
[White "Schreiner, Till"]
[Black "Friedrich, Wiede"]
[Result "1-0"]
[Termination "normal"]
[Board "2"]
[WhiteElo "2280"]
[BlackElo "2260"]
[PlyCount "155"]
[WhiteFideId "24675555"]
[BlackFideId "24629537"]
[EventCountry "GER"]
[EventRounds "9"]
[EventType "swiss"]
[EventDate "2013.05.18"]

1. d4 Nf6 2. c4 e6 3. Nf3 b6 4. a3 Ba6 5. Qc2 Bb7 6. Nc3 c5 7. e4 cxd4 8. Nxd4
Bc5 9. Nb3 Nc6 10. Bg5 Nd4 11. Nxd4 Bxd4 12. Bd3 Qb8 13. Ne2 Bc5 14. Bf4 Bd6
15. Bg3 O-O 16. Rd1 Rc8 17. Nc3 h6 18. Qe2 Rc5 19. O-O Bxg3 20. hxg3 d6 21. b4
Rc8 22. f4 Nd7 23. Bb1 Nf8 24. Nb5 Rd8 25. e5 d5 26. Nd6 dxc4 27. Nxb7 Qxb7 28.
Be4 Qc7 29. Bxa8 Rxa8 30. a4 b5 31. axb5 Qb6+ 32. Qf2 Qxb5 33. Qc5 Qxc5+ 34.
bxc5 Rc8 35. Rd4 Rxc5 36. Rc1 h5 37. Rdxc4 Rxc4 38. Rxc4 a5 39. Kh2 Kh7 40. Rc8
Ng6 41. Rc7 Kg8 42. Kh3 Nf8 43. g4 hxg4+ 44. Kxg4 g6 45. Ra7 a4 46. Rxa4 Nd7
47. Rb4 Nc5 48. Rc4 Nd7 49. Rc6 Kg7 50. Kf3 g5 51. Rc7 Nf8 52. g3 gxf4 53. gxf4
Ng6 54. Kg4 Kf8 55. Rc8+ Kg7 56. Kg5 Ne7 57. Rd8 Nf5 58. Kg4 Ne3+ 59. Kf3 Nf5
60. Rd3 Kg6 61. Ke4 Kg7 62. Rd1 Kg8 63. Rg1+ Kf8 64. Rg5 Ne7 65. Kd4 Ke8 66.
Kc5 Kf8 67. Kd6 Nf5+ 68. Rxf5 exf5 69. Kd7 Kg8 70. Ke8 Kg7 71. Ke7 Kg8 72. Kf6
Kf8 73. Kxf5 Ke7 74. Ke4 Ke6 75. f5+ Ke7 76. Kd5 Kd7 77. f6 Ke8 78. Kc6 1-0

[Event "DEM U18 2013"]
[Site "Oberhof GER"]
[Date "2013.05.25"]
[Round "9"]
[White "Gibicar, Danijel"]
[Black "Noe, Christopher"]
[Result "1/2-1/2"]
[Termination "normal"]
[Board "3"]
[WhiteElo "2134"]
[BlackElo "2231"]
[PlyCount "60"]
[WhiteFideId "24660256"]
[BlackFideId "24692018"]
[EventCountry "GER"]
[EventRounds "9"]
[EventType "swiss"]
[EventDate "2013.05.18"]

1. d4 Nf6 2. c4 c5 3. d5 e6 4. Nc3 exd5 5. cxd5 d6 6. e4 g6 7. h3 Bg7 8. Nf3
O-O 9. Bd3 Na6 10. O-O Nc7 11. Re1 a6 12. a4 b6 13. Rb1 Rb8 14. Bd2 b5 15. axb5
axb5 16. b4 Nd7 17. Bf1 c4 18. Bg5 f6 19. Be3 f5 20. Bd4 Nf6 21. Nd2 fxe4 22.
Ndxe4 Bb7 23. Nxf6+ Bxf6 24. Be2 Bxd4 25. Qxd4 Qf6 26. Qxf6 Rxf6 27. Bf3 Rf7
28. Ra1 Ra8 29. Rxa8+ Bxa8 30. Ra1 Bb7 1/2-1/2

[Event "DEM U18 2013"]
[Site "Oberhof GER"]
[Date "2013.05.25"]
[Round "9"]
[White "Möhn, Hans"]
[Black "Neef, Maximilian"]
[Result "1/2-1/2"]
[Termination "normal"]
[Board "4"]
[WhiteElo "2160"]
[BlackElo "2243"]
[PlyCount "176"]
[WhiteFideId "24647837"]
[BlackFideId "24692085"]
[EventCountry "GER"]
[EventRounds "9"]
[EventType "swiss"]
[EventDate "2013.05.18"]

1. e4 e6 2. d4 d5 3. Nc3 Nf6 4. e5 Nfd7 5. f4 c5 6. Nce2 Nc6 7. c3 Be7 8. Nf3
O-O 9. a3 a5 10. Be3 a4 11. Qc2 Qa5 12. dxc5 Nxc5 13. Ned4 Bd7 14. Be2 f6 15.
exf6 Bxf6 16. O-O Be8 17. Rad1 Bg6 18. Qc1 Rae8 19. Kh1 Nxd4 20. Bxd4 Nb3 21.
Qe3 Nxd4 22. cxd4 Qb6 23. Rd2 Rc8 24. Ne5 Bxe5 25. Qxe5 Be4 26. Bg4 Rf6 27. h3
Qc6 28. Kh2 h6 29. Rdf2 Re8 30. Bh5 Ref8 31. Bg4 Kh8 32. h4 Re8 33. Bh5 Ref8
34. Bg4 b6 35. Bh3 Re8 36. Bg4 Kh7 37. Bh5 Rc8 38. Bg4 Rcf8 39. Bh3 Kg8 40. Bg4
Re8 41. Bh5 Rc8 42. Bg4 Qd7 43. f5 exf5 44. Bxf5 Rxf5 45. Rxf5 Re8 46. Qf4 Bxf5
47. Qxf5 Qxf5 48. Rxf5 Re2 49. Rxd5 Rxb2 50. Rd7 Rd2 51. d5 Rd3 52. d6 b5 53.
Rb7 Rxd6 54. Rxb5 Rd3 55. Rb8+ Kf7 56. Rb7+ Kg6 57. Rb6+ Kh7 58. Ra6 Rxa3 59.
h5 Kg8 60. Ra7 Ra1 61. Kg3 a3 62. Kg4 Kf8 63. g3 a2 64. Ra8+ Ke7 65. Ra7+ Ke6
66. Ra6+ Kd5 67. Ra5+ Kc4 68. Ra8 Kd3 69. Rd8+ Ke2 70. Re8+ Kf1 71. Ra8 Kg1 72.
Ra7 Kf2 73. Ra6 Ke3 74. Ra8 Kd4 75. Ra7 Ke5 76. Ra5+ Kf6 77. Ra6+ Ke7 78. Ra7+
Kd6 79. Ra6+ Kd5 80. Ra5+ Kd4 81. Ra8 Kc5 82. Ra5+ Kb4 83. Ra8 Kb3 84. Rb8+ Ka4
85. Ra8+ Kb4 86. Rb8+ Kc5 87. Ra8 Kc4 88. Ra7 Kd3 1/2-1/2

[Event "DEM U18 2013"]
[Site "Oberhof GER"]
[Date "2013.05.25"]
[Round "9"]
[White "Stahnecker, Ludwig"]
[Black "Göbel, Constantin"]
[Result "0-1"]
[Termination "normal"]
[Board "5"]
[WhiteElo "2109"]
[BlackElo "2245"]
[PlyCount "162"]
[WhiteFideId "24692026"]
[BlackFideId "24647071"]
[EventCountry "GER"]
[EventRounds "9"]
[EventType "swiss"]
[EventDate "2013.05.18"]

1. e4 c5 2. Nf3 Nc6 3. d4 cxd4 4. Nxd4 e5 5. Nb5 d6 6. c4 Be7 7. N1c3 a6 8. Na3
f5 9. exf5 Bxf5 10. Bd3 Be6 11. Nc2 Nf6 12. Ne3 O-O 13. O-O Qd7 14. Ne4 Nd4 15.
Ng5 Kh8 16. b3 Bg8 17. Bb2 Ne8 18. Ne4 Bd8 19. Rc1 Bb6 20. Ba3 Rd8 21. Bb1 Ba7
22. Qd3 Qe6 23. Nd5 Nf6 24. Nexf6 gxf6 25. Rce1 Qg4 26. Kh1 Qg7 27. Bb2 Be6 28.
Re3 Rg8 29. Rg3 Qf7 30. Bxd4 Bxd4 31. Nxf6 Rxg3 32. fxg3 Rf8 33. Rf3 Qg6 34.
Qf1 Qh6 35. g4 Qg5 36. h3 e4 37. Nxe4 Rxf3 38. gxf3 Qf4 39. Bd3 Be5 40. Qf2 Kg7
41. h4 Qc1+ 42. Kg2 h6 43. Qd2 Qa1 44. Bf1 Bf7 45. f4 Bg6 46. Ng3 Bc3 47. Qxd6
Qxa2+ 48. Kh3 Qxb3 49. f5 Bf7 50. g5 hxg5 51. hxg5 Qb2 52. Qh6+ Kg8 53. g6 Be8
54. Qe3 Be5 55. Bg2 Qc3 56. Qxc3 Bxc3 57. Bxb7 a5 58. Ne4 Be5 59. Kg4 a4 60. c5
a3 61. Kg5 Kf8 62. f6 a2 63. Bd5 Bxf6+ 64. Nxf6 a1=Q 65. g7+ Kxg7 66. Nxe8+ Kf8
67. Nf6 Ke7 68. Ng8+ Kd8 69. Kf5 Qd4 70. Ke6 Qxc5 71. Nf6 Qe7+ 72. Kf5 Qe2 73.
Be4 Ke7 74. Nd5+ Kd6 75. Nf4 Qb5+ 76. Bd5 Qd7+ 77. Be6 Qh7+ 78. Kg5 Qh2 79. Kf5
Qc2+ 80. Kg4 Ke5 81. Bf7 Qa4 0-1

[Event "DEM U18 2013"]
[Site "Oberhof GER"]
[Date "2013.05.25"]
[Round "9"]
[White "Kügel, Tobias"]
[Black "Moritz, Aron"]
[Result "1/2-1/2"]
[Termination "normal"]
[Board "6"]
[WhiteElo "2067"]
[BlackElo "2192"]
[PlyCount "46"]
[WhiteFideId "4636295"]
[BlackFideId "24672319"]
[EventCountry "GER"]
[EventRounds "9"]
[EventType "swiss"]
[EventDate "2013.05.18"]

1. e4 g6 2. d4 Bg7 3. Nf3 d6 4. c4 Nf6 5. Nc3 O-O 6. Be2 Na6 7. h3 e5 8. Be3
exd4 9. Nxd4 Re8 10. f3 Nh5 11. Qd2 f5 12. Bg5 Bf6 13. Bxf6 Qxf6 14. O-O-O Ng3
15. Rhe1 fxe4 16. Nxe4 Nxe4 17. fxe4 Nc5 18. Bf3 Re5 19. Ne2 Be6 20. b3 b5 21.
Qf4 Qg7 22. cxb5 a6 23. b6 cxb6 1/2-1/2

[Event "DEM U18 2013"]
[Site "Oberhof GER"]
[Date "2013.05.25"]
[Round "9"]
[White "Hacker, Jonas"]
[Black "Müller, Nick"]
[Result "0-1"]
[Termination "normal"]
[Board "7"]
[WhiteElo "1965"]
[BlackElo "2082"]
[PlyCount "56"]
[WhiteFideId "1270968"]
[BlackFideId "24692093"]
[EventCountry "GER"]
[EventRounds "9"]
[EventType "swiss"]
[EventDate "2013.05.18"]

1. e4 e5 2. Nf3 Nc6 3. Bb5 a6 4. Ba4 Nge7 5. c3 g6 6. d4 exd4 7. Nxd4 Bg7 8.
Bg5 h6 9. Nxc6 bxc6 10. Be3 O-O 11. Qd2 Kh7 12. h4 d5 13. h5 g5 14. exd5 Qxd5
15. Qxd5 Nxd5 16. Bd2 Re8+ 17. Kf1 Bd7 18. Na3 Rab8 19. Bc2+ Kg8 20. Nc4 Be6
21. Bd3 Nf6 22. b3 Rbd8 23. Nb2 Ne4 24. Be1 Nxc3 25. Bc4 Bf5 26. a4 Ne4 27. g4
Bh7 28. Ra2 Nd2+ 0-1

[Event "DEM U18 2013"]
[Site "Oberhof GER"]
[Date "2013.05.25"]
[Round "9"]
[White "Stanau, Guido"]
[Black "Rührmund, Daniel"]
[Result "0-1"]
[Termination "normal"]
[Board "8"]
[WhiteElo "2055"]
[BlackElo "2106"]
[PlyCount "56"]
[WhiteFideId "24692255"]
[BlackFideId "24674583"]
[EventCountry "GER"]
[EventRounds "9"]
[EventType "swiss"]
[EventDate "2013.05.18"]

1. e4 c5 2. Nf3 e6 3. d4 cxd4 4. Nxd4 a6 5. Bd3 Qc7 6. O-O Nf6 7. Be3 Be7 8. f4
d6 9. c4 Nbd7 10. Nc3 b6 11. Rc1 Bb7 12. Qf3 Rc8 13. g4 g6 14. g5 Nh5 15. Nde2
Bf8 16. Qf2 h6 17. Bb1 hxg5 18. fxg5 Ne5 19. Bxb6 Qe7 20. Bd4 Qxg5+ 21. Kh1 Qe7
22. Na4 f5 23. Bxe5 dxe5 24. Nb6 Rd8 25. Rcd1 Nf6 26. Qg3 Ng4 27. h3 Rxd1 28.
Rxd1 Rxh3+ 0-1

[Event "DEM U18 2013"]
[Site "Oberhof GER"]
[Date "2013.05.25"]
[Round "9"]
[White "Perestjuk, Marko"]
[Black "Neumair, Jerome"]
[Result "1/2-1/2"]
[Termination "normal"]
[Board "9"]
[WhiteElo "2025"]
[BlackElo "2098"]
[PlyCount "45"]
[WhiteFideId "1270254"]
[BlackFideId "24672637"]
[EventCountry "GER"]
[EventRounds "9"]
[EventType "swiss"]
[EventDate "2013.05.18"]

1. e4 e6 2. d4 d5 3. Nd2 h6 4. Bd3 c5 5. exd5 Qxd5 6. Ngf3 cxd4 7. O-O Nc6 8.
Bc4 Qc5 9. Qe2 Nf6 10. Nb3 Qb6 11. Rd1 Bd7 12. Nfxd4 Nxd4 13. Nxd4 Bc5 14. Nb3
Bd6 15. h3 O-O 16. Be3 Qc7 17. Nd4 a6 18. Bb3 e5 19. Nf3 Bc6 20. Nh4 Be4 21.
Rd2 Rad8 22. Rad1 Be7 23. Rxd8 1/2-1/2

[Event "DEM U18 2013"]
[Site "Oberhof GER"]
[Date "2013.05.25"]
[Round "9"]
[White "Ehret, Thomas"]
[Black "Grigorian, Spartak"]
[Result "1/2-1/2"]
[Termination "normal"]
[Board "10"]
[WhiteElo "2030"]
[BlackElo "2131"]
[PlyCount "64"]
[WhiteFideId "12939587"]
[BlackFideId "24661490"]
[EventCountry "GER"]
[EventRounds "9"]
[EventType "swiss"]
[EventDate "2013.05.18"]

1. e4 c5 2. Nf3 d6 3. Bb5+ Bd7 4. Bxd7+ Qxd7 5. c4 Nc6 6. Nc3 g6 7. d4 cxd4 8.
Nxd4 Bg7 9. Nde2 Nf6 10. f3 O-O 11. O-O Rfe8 12. Be3 Qd8 13. Qd2 Qa5 14. Rac1
Rac8 15. b3 a6 16. a4 Ne5 17. Rfd1 e6 18. Qxd6 Bf8 19. Qb6 Qxb6 20. Bxb6 Nfd7
21. Bd4 Nc6 22. Be3 Nc5 23. Rb1 Nb4 24. Kf1 Rc6 25. Nc1 Nc2 26. Ke2 Rb6 27.
Bxc5 Bxc5 28. Rd3 Na3 29. Ra1 Nc2 30. Rb1 Na3 31. Ra1 Nc2 32. Rb1 Na3 1/2-1/2

[Event "DEM U18 2013"]
[Site "Oberhof GER"]
[Date "2013.05.25"]
[Round "9"]
[White "Holle, Cedric"]
[Black "Hebbering, Tom Elliot"]
[Result "1/2-1/2"]
[Termination "normal"]
[Board "11"]
[WhiteElo "1890"]
[BlackElo "2002"]
[PlyCount "108"]
[WhiteFideId "24692158"]
[BlackFideId "12901750"]
[EventCountry "GER"]
[EventRounds "9"]
[EventType "swiss"]
[EventDate "2013.05.18"]

1. e4 c5 2. Nf3 e6 3. d4 cxd4 4. Nxd4 Nc6 5. Nxc6 bxc6 6. Nc3 Be7 7. Bf4 d6 8.
Bc4 a6 9. Qf3 Nf6 10. g4 d5 11. Bd3 Qb6 12. O-O-O Qa5 13. g5 Nd7 14. exd5 cxd5
15. Rhe1 Bb7 16. Qh3 Nc5 17. g6 Bf6 18. gxf7+ Kxf7 19. Qh5+ g6 20. Qf3 Rhf8 21.
Bd6 Rfe8 22. Be5 Nd7 23. Bxf6 Nxf6 24. h4 e5 25. Bc4 Rad8 26. Ne4 Qb6 27. Rxd5
Bxd5 28. Bxd5+ Kg7 29. Bb3 Nxe4 30. Rxe4 Qf6 31. Qe3 Re7 32. h5 Rd4 33. hxg6
hxg6 34. f3 Rxe4 35. Qxe4 Qg5+ 36. Kd1 Qf4 37. Bd5 Qxe4 38. Bxe4 Rd7+ 39. Ke2
Kf6 40. c4 Rd4 41. c5 g5 42. Ke3 Ke6 43. a3 a5 44. b3 Rd1 45. b4 Ra1 46. b5
Rxa3+ 47. Kd2 Rb3 48. b6 Rb5 49. Bc6 Rb4 50. Kc3 Ke7 51. Bd5 Kd8 52. Be6 Ke7
53. Bd5 Kd8 54. Be6 Ke7 1/2-1/2

[Event "DEM U18 2013"]
[Site "Oberhof GER"]
[Date "2013.05.25"]
[Round "9"]
[White "Giraud, Valerian"]
[Black "Mundorf, Johannes"]
[Result "0-1"]
[Termination "normal"]
[Board "12"]
[WhiteElo "1977"]
[BlackElo "2216"]
[PlyCount "100"]
[WhiteFideId "12920355"]
[BlackFideId "24672491"]
[EventCountry "GER"]
[EventRounds "9"]
[EventType "swiss"]
[EventDate "2013.05.18"]

1. d4 e6 2. Nf3 f5 3. g3 Nf6 4. Bg2 d5 5. O-O Bd6 6. c4 c6 7. b3 Qe7 8. Bb2 O-O
9. Nbd2 Nbd7 10. Qc2 Ne4 11. Ne5 a5 12. Nxd7 Bxd7 13. f3 Nxd2 14. Qxd2 f4 15.
gxf4 Qh4 16. e3 Rxf4 17. Qf2 Rxd4 18. f4 Qxf2+ 19. Rxf2 Rd3 20. Bd4 c5 21. Bf1
cxd4 22. Bxd3 dxe3 23. Rf3 d4 24. Be4 Bc6 25. Bxc6 bxc6 26. Rd1 Bb4 27. Kf1 c5
28. a4 Rf8 29. Ke2 Rf6 30. Rg1 Rh6 31. Rg2 Kf7 32. Rfg3 g6 33. Rg5 Rh3 34. R5g3
Rh4 35. Rg4 Rxg4 36. Rxg4 Kf6 37. Rg5 h6 38. Re5 g5 39. Re4 Kf5 40. Re5+ Kf6
41. Re4 Bd2 42. fxg5+ Kf5 43. Kd3 hxg5 44. h3 e5 45. Rg4 Be1 46. Ke2 Bh4 47.
Kd3 Bf2 48. Rg2 e4+ 49. Ke2 d3+ 50. Kf1 Bh4 0-1

[Event "DEM U18 2013"]
[Site "Oberhof GER"]
[Date "2013.05.25"]
[Round "9"]
[White "Urban, Lars"]
[Black "Sieber, Martin"]
[Result "1-0"]
[Termination "normal"]
[Board "13"]
[WhiteElo "2126"]
[BlackElo "1865"]
[PlyCount "87"]
[WhiteFideId "4644034"]
[BlackFideId "4649060"]
[EventCountry "GER"]
[EventRounds "9"]
[EventType "swiss"]
[EventDate "2013.05.18"]

1. d4 e6 2. c4 Nf6 3. Nc3 Bb4 4. a3 Bxc3+ 5. bxc3 O-O 6. e3 b6 7. Bd3 Bb7 8. f3
c5 9. Ne2 d6 10. e4 Nc6 11. O-O Na5 12. Ng3 Ba6 13. f4 Bxc4 14. e5 Bxd3 15.
Qxd3 c4 16. Qf3 Nd5 17. f5 dxe5 18. dxe5 Qc7 19. Bg5 h6 20. Bxh6 gxh6 21. fxe6
fxe6 22. Qg4+ Kh7 23. Qxe6 Nf4 24. Qg4 Nd3 25. e6 Qc5+ 26. Kh1 Rxf1+ 27. Rxf1
Nf2+ 28. Rxf2 Qxf2 29. Qe4+ Kg7 30. Nh5+ Kf8 31. Qxa8+ Ke7 32. Qxa7+ Kxe6 33.
h3 Qc5 34. Ng7+ Ke5 35. Qf7 Ke4 36. Qf3+ Ke5 37. Qf5+ Kd6 38. Qg6+ Ke5 39. Qe6+
Kf4 40. Qxh6+ Ke4 41. Qg6+ Ke3 42. Qc2 Qxa3 43. g3 Qa1+ 44. Kg2 1-0

[Event "DEM U18 2013"]
[Site "Oberhof GER"]
[Date "2013.05.25"]
[Round "9"]
[White "Miller, Eduard"]
[Black "Ispirjan, Mikael"]
[Result "0-1"]
[Termination "normal"]
[Board "14"]
[WhiteElo "2137"]
[BlackElo "1942"]
[PlyCount "128"]
[WhiteFideId "24687022"]
[BlackFideId "1271217"]
[EventCountry "GER"]
[EventRounds "9"]
[EventType "swiss"]
[EventDate "2013.05.18"]

1. Nf3 Nf6 2. d3 d5 3. Nbd2 b6 4. g3 Bb7 5. Bg2 e6 6. O-O Bc5 7. c3 O-O 8. b4
Bd6 9. Bb2 Nbd7 10. Re1 c5 11. a3 a5 12. b5 Ne5 13. Nxe5 Bxe5 14. e4 d4 15. c4
Ra7 16. f4 Bb8 17. e5 Ne8 18. Bxb7 Rxb7 19. Qf3 Ra7 20. Ne4 Bc7 21. Bc1 Qc8 22.
Ra2 g6 23. h4 Ng7 24. Nf6+ Kh8 25. Qg4 Bd8 26. Qg5 Bxf6 27. exf6 Nf5 28. g4 h6
29. gxf5 hxg5 30. hxg5 exf5 31. Rh2+ Kg8 32. Kf2 Qa8 33. Rg1 Re8 34. Rg3 Rae7
35. fxe7 f6 36. gxf6 Kf7 37. Rh6 Rg8 38. Rg1 Kxf6 39. Re1 Kg7 40. Rh2 Re8 41.
Kg3 Qb8 42. Re5 Qd6 43. Rhe2 Kf7 44. Bd2 Qf6 45. Be1 Qh8 46. Rh2 Qf6 47. Kf3 g5
48. Rh5 Rg8 49. Rxg5 Qxe5 50. fxe5 Rxg5 51. Kf4 Rh5 52. e6+ Kxe7 53. Ke5 f4+
54. Kxf4 Kxe6 55. Kf3 Rh3+ 56. Ke2 Kf5 57. Bd2 Rh2+ 58. Kd1 Kg4 59. Kc1 a4 60.
Kd1 Kf3 61. Bg5 Ra2 62. Bd8 Ke3 63. Bxb6 Kxd3 64. Kc1 Kxc4 0-1